| 000 | 00613nam a2200205Ia 4500 | ||
|---|---|---|---|
| 005 | 20250508160624.0 | ||
| 008 | 008 250505s9999 xx 000 0 eng d | ||
| 020 | _a013-022129-5 | ||
| 037 | _aTextual | ||
| 040 |
_aFEDL _beng _cFEDL |
||
| 041 |
_aeng _2eng |
||
| 084 |
_a323.63, URI _qFEDL |
||
| 100 |
_aUrick Ronald V. _989900 |
||
| 245 | 0 | _aAlienation: Individual or social problem? | |
| 260 |
_aEnglewood Cliffs, New Jersey, USA _bPrentice - Hall _c1970 |
||
| 300 | _a120p | ||
| 490 | _aInquiry into crucial American problems | ||
| 942 |
_cTEXL _h323.63, URI |
||
| 999 |
_c1365673 _d1365673 |
||